[Event "PUR-ch"]
[Site "San Juan"]
[Date "2023.09.02"]
[Round "7"]
[White "Morales Butler, Emmanuel J"]
[Black "Toro Cruz, Sebastian J"]
[Result "0-1"]
[WhiteElo "1383"]
[BlackElo "1912"]
[PlyCount "108"]
[EventDate "2023.08.25"]
[EventType "swiss"]
[EventRounds "9"]
[EventCountry "PUR"]
[SourceTitle "EXT 2024"]
[Source "ChessBase"]
[SourceDate "2023.10.10"]
[SourceVersion "1"]
[SourceVersionDate "2023.10.10"]
[SourceQuality "1"]

1. e4 e6 2. Nf3 b6 3. g3 Bb7 4. d3 d5 5. e5 d4 6. Bg2 c5 7. 0-0 Nd7 8. Re1 Qc7 9. Nbd2 Ne7 10. Qe2 Nc6 11. c3 dxc3 12. bxc3 Be7 13. Bb2 0-0 14. Rad1 Rac8 15. d4 cxd4 16. cxd4 Nb4 17. Ba3 Ba6 18. Qe4 Bd3 19. Qe3 Bc2 20. Bxb4 Bxb4 21. Rc1 Qb8 22. Re2 Rc3 23. Qf4 Ba3 24. Rce1 Rfc8 25. Ne4 Bxe4 26. Rxe4 b5 27. Ng5 Rf8 28. Qh4 h6 29. Nh3 Qd8 30. Qh5 f5 31. Rh4 Bc1 32. Qg6 Qe8 33. Qxe8 Rxe8 34. d5 exd5 35. Bxd5+ Kf8 36. f4 Nb6 37. Bb3 a5 38. Rd1 a4 39. Bd5 Rd8 40. Bf3 Rxd1+ 41. Bxd1 b4 42. g4 b3 43. axb3 a3 44. g5 a2 45. gxh6 gxh6 46. Rxh6 a1Q 47. Rf6+ Kg7 48. Ng5 Be3+ 49. Kg2 Qxd1 50. Ne6+ Kh7 51. Ng5+ Kg8 52. Rg6+ Kh8 53. Nf7+ Kh7 54. Rh6+ Kg7 0-1

[Event "PUR-ch"]
[Site "San Juan"]
[Date "2023.08.27"]
[Round "5"]
[White "Zilleruelo Irizarry, Diego"]
[Black "Toro Cruz, Sebastian J"]
[Result "1-0"]
[WhiteElo "2121"]
[BlackElo "1912"]
[PlyCount "119"]
[EventDate "2023.08.25"]
[EventType "swiss"]
[EventRounds "9"]
[EventCountry "PUR"]
[SourceTitle "EXT 2024"]
[Source "ChessBase"]
[SourceDate "2023.10.10"]
[SourceVersion "1"]
[SourceVersionDate "2023.10.10"]
[SourceQuality "1"]

1. e4 e6 2. d4 d5 3. Nd2 dxe4 4. Nxe4 Be7 5. Nf3 Nf6 6. Ng3 0-0 7. Bd3 c5 8. dxc5 Bxc5 9. 0-0 Nc6 10. c3 Qc7 11. Qe2 a6 12. Bg5 Be7 13. Rad1 b5 14. Bb1 Bb7 15. Bxf6 Bxf6 16. Ne4 Ne5 17. Nxf6+ gxf6 18. Nxe5 Qxe5 19. Qxe5 fxe5 20. Rfe1 Rfd8 21. f3 Rxd1 22. Rxd1 Bd5 23. Kf2 Kg7 24. Rd2 Rc8 25. a3 Rb8 26. Bd3 Rb6 27. Ke3 h6 28. h3 Kf6 29. Be4 Bxe4 30. Kxe4 Rc6 31. Rd7 Rc4+ 32. Ke3 Rc6 33. Ke4 Rc4+ 34. Kd3 Rc6 35. b3 Rc5 36. Ra7 Rd5+ 37. Kc2 Rd6 38. c4 bxc4 39. bxc4 e4 40. fxe4 Ke5 41. Rxf7 Kxe4 42. Rf3 e5 43. Rc3 Rc6 44. g4 Kd4 45. Rd3+ Ke4 46. Rc3 Kd4 47. c5 e4 48. Kd2 Re6 49. Rc1 Rc6 50. h4 a5 51. a4 Kd5 52. Ke3 Ke5 53. Rf1 Rg6 54. Rf5+ Ke6 55. Kf4 Kd7 56. Rd5+ Kc7 57. Rd6 Rg7 58. Rxh6 Re7 59. Ke3 Rg7 60. g5 1-0

[Event "PUR-ch"]
[Site "San Juan"]
[Date "2022.04.10"]
[Round "9"]
[White "Burgos Rodriguez, Edison"]
[Black "Toro Cruz, Sebastian J"]
[Result "1-0"]
[WhiteElo "1805"]
[BlackElo "1885"]
[PlyCount "59"]
[EventDate "2022.04.02"]
[EventType "tourn"]
[EventRounds "9"]
[EventCountry "PUR"]
[SourceTitle "CBM 207 Extra"]
[Source "ChessBase"]
[SourceDate "2022.05.31"]
[SourceVersion "1"]
[SourceVersionDate "2022.05.31"]
[SourceQuality "1"]

1. e4 e5 2. Nf3 Nf6 3. Bc4 Nxe4 4. Nc3 Nxc3 5. dxc3 f6 6. Nh4 g6 7. f4 f5 8. Nxf5 d5 9. Bxd5 Bxf5 10. fxe5 Qc8 11. 0-0 c6 12. Bb3 Qd7 13. Qf3 Bc5+ 14. Kh1 h5 15. Bg5 Qh7 16. Rad1 Be7 17. Bf6 Rf8 18. Qe3 Nd7 19. Bxe7 Qxe7 20. e6 Nc5 21. Rfe1 Rd8 22. Rd7 b6 23. Rxe7+ Kxe7 24. Qe5 Rf6 25. Qc7+ Ke8 26. Qxc6+ Ke7 27. Qc7+ Ke8 28. e7 Rc8 29. Qe5 Nd7 30. Ba4 1-0

[Event "PUR-ch"]
[Site "San Juan"]
[Date "2022.04.08"]
[Round "5"]
[White "Toro Cruz, Sebastian J"]
[Black "Sosa Trani, Luis"]
[Result "0-1"]
[WhiteElo "1885"]
[BlackElo "1902"]
[PlyCount "56"]
[EventDate "2022.04.02"]
[EventType "tourn"]
[EventRounds "9"]
[EventCountry "PUR"]
[SourceTitle "CBM 207 Extra"]
[Source "ChessBase"]
[SourceDate "2022.05.31"]
[SourceVersion "1"]
[SourceVersionDate "2022.05.31"]
[SourceQuality "1"]

1. e4 c5 2. Nf3 Nc6 3. d4 cxd4 4. Nxd4 g6 5. Nc3 Bg7 6. Be3 Nf6 7. Bc4 0-0 8. Bb3 a5 9. f3 d5 10. Nxc6 bxc6 11. exd5 cxd5 12. Nxd5 a4 13. Nb6 axb3 14. Qxd8 Rxd8 15. Nxa8 Nd5 16. Kf2 Nxe3 17. Kxe3 bxc2 18. Rac1 Bf5 19. g4 Bxb2 20. gxf5 Bxc1+ 21. Rxc1 Rxa8 22. fxg6 Rxa2 23. gxf7+ Kxf7 24. Kd2 Ra3 25. Rf1 Kf6 26. h3 Ra2 27. Rg1 c1Q+ 28. Kxc1 Ra1+ 0-1

[Event "Puerto Rico Inv"]
[Site "Caguas"]
[Date "2021.05.02"]
[Round "4"]
[White "Oquendo, Abel"]
[Black "Toro Cruz, Sebastian J"]
[Result "1-0"]
[WhiteElo "1942"]
[BlackElo "1604"]
[PlyCount "119"]
[EventDate "2021.04.30"]
[EventType "swiss"]
[EventRounds "5"]
[EventCountry "PUR"]
[SourceTitle "EXT 2023"]
[Source "ChessBase"]
[SourceDate "2022.10.05"]
[SourceVersion "1"]
[SourceVersionDate "2022.10.05"]
[SourceQuality "1"]

1. e4 e5 2. Nf3 Nf6 3. Nc3 Nc6 4. Bb5 Bb4 5. 0-0 0-0 6. d3 d6 7. Bg5 Bxc3 8. bxc3 h6 9. Bh4 Bg4 10. h3 Bh5 11. a4 Qe7 12. g4 g5 13. gxh5 gxh4 14. Nxh4 Nxe4 15. Bxc6 bxc6 16. Qg4+ Ng5 17. Nf5 Qe6 18. h4 Kh7 19. hxg5 Rg8 20. Qf3 Rxg5+ 21. Ng3 f5 22. Kh2 d5 23. Rg1 Rag8 24. Rae1 f4 25. Qxf4 exf4 26. Rxe6 fxg3+ 27. Rxg3 Rxh5+ 28. Kg2 Rh4 29. Rxc6 Rxg3+ 30. Kxg3 Rxa4 31. Rxc7+ Kg6 32. Rc5 Ra2 33. Rxd5 Rxc2 34. c4 Rc3 35. f3 a5 36. Rxa5 Rxd3 37. c5 Rc3 38. Kf4 Kf6 39. Ke4 Ke6 40. f4 Rc4+ 41. Kf3 Kf5 42. c6+ Ke6 43. Rh5 Kf6 44. Rxh6+ Kf5 45. Ke3 Rc3+ 46. Kd4 Rc1 47. Kd5 Kxf4 48. Re6 Kf5 49. Re2 Rd1+ 50. Kc5 Rc1+ 51. Kd6 Rd1+ 52. Kc7 Kf6 53. Kc8 Rc1 54. c7 Kf7 55. Rb2 Ke7 56. Kb7 Kd7 57. Rd2+ Ke7 58. c8Q Rb1+ 59. Ka6 Ra1+ 60. Kb5 1-0

[Event "Puerto Rico Inv"]
[Site "Caguas"]
[Date "2021.04.30"]
[Round "1"]
[White "Toro Cruz, Sebastian J"]
[Black "Corredor Sanchez, Fabian Ricardo"]
[Result "0-1"]
[WhiteElo "1604"]
[BlackElo "2056"]
[PlyCount "112"]
[EventDate "2021.04.30"]
[EventType "swiss"]
[EventRounds "5"]
[EventCountry "PUR"]
[SourceTitle "EXT 2023"]
[Source "ChessBase"]
[SourceDate "2022.10.05"]
[SourceVersion "1"]
[SourceVersionDate "2022.10.05"]
[SourceQuality "1"]

1. e4 c5 2. Nf3 Nc6 3. d4 cxd4 4. Nxd4 g6 5. Nc3 Bg7 6. Be3 d6 7. Qd2 Nf6 8. f3 0-0 9. 0-0-0 Bd7 10. Be2 Nxd4 11. Bxd4 Qa5 12. Kb1 Rfc8 13. Bxf6 Bxf6 14. Nd5 Qxd2 15. Nxf6+ Kg7 16. Nh5+ gxh5 17. Rxd2 Be6 18. h4 Rc5 19. f4 Bg4 20. Bxg4 hxg4 21. h5 Kh6 22. Rd5 Rac8 23. c3 Rxd5 24. exd5 Rc4 25. g3 Re4 26. Rh4 f5 27. Rh2 Re3 28. Kc2 Rxg3 29. Re2 Rf3 30. Rxe7 g3 31. Re1 Rxf4 32. Kd3 Kxh5 33. Rh1+ Rh4 34. Rg1 Kg4 35. c4 Rh2 36. b4 f4 37. c5 dxc5 38. bxc5 Rh5 39. Ke4 Rxd5 40. Kxd5 f3 41. Rb1 f2 42. Rxb7 f1Q 43. Rg7+ Kh5 44. Rxg3 Qf5+ 45. Kc6 Qe6+ 46. Kb5 a6+ 47. Ka5 Qe1+ 48. Kxa6 Qxg3 49. Kb7 Qg7+ 50. Kb6 Qb2+ 51. Kc7 Qxa2 52. c6 Kg6 53. Kc8 h5 54. c7 h4 55. Kd7 Qd5+ 56. Kc8 h3 0-1

[Event "PUR-ch"]
[Site "Caguas"]
[Date "2020.01.26"]
[Round "4"]
[White "Ortiz Bigio, Antonio L"]
[Black "Toro Cruz, Sebastian J"]
[Result "1/2-1/2"]
[WhiteElo "1596"]
[BlackElo "1499"]
[PlyCount "97"]
[EventDate "2020.01.24"]
[EventType "swiss"]
[EventRounds "5"]
[EventCountry "PUR"]
[SourceTitle "CBM 195 Extra"]
[Source "ChessBase"]
[SourceDate "2020.05.31"]
[SourceVersion "1"]
[SourceVersionDate "2020.05.31"]
[SourceQuality "1"]

1. e4 c5 2. Nf3 d6 3. d4 cxd4 4. Nxd4 Nf6 5. Nc3 e5 6. Nb3 Be6 7. Bg5 a6 8. Bxf6 Qxf6 9. Nd5 Bxd5 10. Qxd5 Nc6 11. c3 Be7 12. Be2 0-0 13. 0-0 Nd8 14. Rad1 Ne6 15. g3 b6 16. Na1 Qg6 17. Bf3 Ng5 18. Bg2 Ne6 19. Nc2 Rfd8 20. Ne3 Qf6 21. Qd2 g6 22. Nd5 Qg5 23. Qxg5 Bxg5 24. f4 Bh6 25. f5 Nf8 26. h4 Ra7 27. g4 g5 28. h5 Nd7 29. Ne7+ Kf8 30. Nc6 Rda8 31. Nxa7 Rxa7 32. Rxd6 f6 33. b4 Ke7 34. Rfd1 Bf8 35. Bf1 b5 36. a3 Nb8 37. c4 Kf7 38. Rd8 Rb7 39. Rxb8 Rxb8 40. Rd7+ Be7 41. c5 Rc8 42. Kf2 Ke8 43. Rd5 Rd8 44. Rxd8+ Kxd8 45. Ke3 Kc7 46. Kd2 Kc6 47. Kc3 a5 48. Kb3 h6 49. Kc3 1/2-1/2

[Event "PUR-ch"]
[Site "Caguas"]
[Date "2020.01.25"]
[Round "3"]
[White "Toro Cruz, Sebastian J"]
[Black "Mejias Nunez, Rafael E"]
[Result "0-1"]
[WhiteElo "1499"]
[BlackElo "1928"]
[PlyCount "60"]
[EventDate "2020.01.24"]
[EventType "swiss"]
[EventRounds "5"]
[EventCountry "PUR"]
[SourceTitle "CBM 195 Extra"]
[Source "ChessBase"]
[SourceDate "2020.05.31"]
[SourceVersion "1"]
[SourceVersionDate "2020.05.31"]
[SourceQuality "1"]

1. e4 c5 2. Nf3 e6 3. d4 cxd4 4. Nxd4 a6 5. c4 Qc7 6. Nc3 Nf6 7. Be3 Bb4 8. f3 0-0 9. a3 Bxc3+ 10. bxc3 d5 11. Qd3 Nbd7 12. cxd5 exd5 13. Nb3 Ne5 14. Qc2 Re8 15. Nd2 dxe4 16. fxe4 Be6 17. Be2 Bc4 18. Nxc4 Nxc4 19. Bd4 Nxe4 20. 0-0 Ncd6 21. Rae1 Nc5 22. Qd2 Ne6 23. Be5 Qc5+ 24. Bd4 Nxd4 25. cxd4 Qxa3 26. Rf3 Qa4 27. Ref1 g6 28. Rf6 Ne4 29. Qf4 Qxd4+ 30. Kh1 Qxf6 0-1

[Event "Pan American-ch U14"]
[Site "Guayaquil"]
[Date "2019.07.23"]
[Round "4"]
[White "Toro Cruz, Sebastian J"]
[Black "Farhat, Francisco"]
[Result "1/2-1/2"]
[WhiteElo "1508"]
[BlackElo "1674"]
[PlyCount "54"]
[EventDate "2019.07.21"]
[EventType "swiss"]
[EventRounds "9"]
[EventCountry "ECU"]
[SourceTitle "EXT 2020"]
[Source "ChessBase"]
[SourceDate "2019.10.17"]
[SourceVersion "1"]
[SourceVersionDate "2019.10.17"]
[SourceQuality "1"]

1. e4 e6 2. d4 d5 3. Nc3 dxe4 4. Nxe4 Bd7 5. Nf3 Bc6 6. Bd3 Nd7 7. 0-0 Ngf6 8. Nxf6+ Nxf6 9. c3 Bxf3 10. Qxf3 c6 11. Bg5 Be7 12. Rad1 Qa5 13. Bxf6 Bxf6 14. Bb1 0-0 15. Rd3 Qd5 16. Qh3 g6 17. f4 Kg7 18. f5 Rae8 19. fxg6 fxg6 20. Qg4 Qd7 21. Rdf3 Qe7 22. Rg3 Qf7 23. Rff3 e5 24. h4 exd4 25. h5 g5 26. Qf5 Kg8 27. a3 Qxh5 1/2-1/2